| 000 | 00759nam a2200241Ia 4500 | ||
|---|---|---|---|
| 003 | GCL | ||
| 008 | 140319s9999 xx 000 0 ara d | ||
| 040 |
_aGCL / _cGCL |
||
| 082 | 0 | 4 |
_aق _b920.71 _bم ا |
| 100 | 1 | _aالمجلس الاعلى للثقافة | |
| 245 | 1 | 0 |
_aاحمد لطفى السيد كتاب تذكارى عن استاذ الجيل / _cالمجلس الاعلى للثقافة |
| 260 |
_a[S.N] : _bالمجلس الاعلى للثقافة ، _c1986 |
||
| 300 | _a218 ص | ||
| 490 | _a | ||
| 650 | 0 | 4 | _aمصر |
| 650 | 0 | 4 | _aالفلسفة |
| 650 | 0 | 4 | _aالاحوال الاجتماعية |
| 650 | 0 | 4 | _aالادب |
| 650 | 0 | 4 | _aالسياسة |
| 650 | 0 | 4 | _aالفكر |
| 650 | 0 | 4 | _aاحمد لطفى السيد |
| 942 |
_2ddc _cBK |
||
| 999 |
_c58748 _d58748 |
||